Music Quiz

Random Music or Artist Quiz

7 to 1: Mellow 70's Top 5 Hits Quiz Stats

 Plays Quiz not verified by Sporcle

Score 0/28 Timer 05:00
0 Plays Today
% Correct
Hotel California
97%
Goodbye Yellow Brick Road
95.4%
Crocodile Rock
94.5%
Bennie and the Jets
94.4%
A Horse with No Name
90.9%
Don't Let the Sun Go Down on Me
90.7%
Take It to the Limit
88.5%
Daniel
88.5%
Lyin' Eyes
87%
One of These Nights
86.4%
If You Leave Me Now
84.3%
Just the Way You Are
83.4%
Heartache Tonight
83.2%
25 or 6 to 4
81.7%
% Correct
Philadelphia Freedom
80.2%
New Kid in Town
80.2%
Saturday in the Park
79.8%
Best of My Love
79.8%
Heart of Gold
79.6%
The Wreck of the Edmund Fitzgerald
77.3%
My Life
76.8%
Sister Golden Hair
74%
Baby, What a Big Surprise
72%
If You Could Read My Mind
71.3%
Sundown
64.6%
Tin Man
57.8%
Lonely People
57.8%
Old Days
49.7%

You're not logged in!

Compare scores with friends on all Sporcle quizzes.
OR
Log In

You Might Also Like...

Show Comments

Extras

Top Quizzes Today


Score Distribution

Your Account Isn't Verified!

In order to create a playlist on Sporcle, you need to verify the email address you used during registration. Go to your Sporcle Settings to finish the process.

Report this User

Report this user for behavior that violates our Community Guidelines.

Details: